Wird geladen...
Njan ennum undayirunu
| 1. Verfasser: | |
|---|---|
| Format: | Printed Book |
| Sprache: | Malayalam |
| Veröffentlicht: |
D.C. Books, Kottayam
D.C. Books, Kottayam
80
|
| LEADER | 00440nam a2200121Ia 4500 | ||
|---|---|---|---|
| 008 | 111204s9999 xx 000 0 mal d | ||
| 100 | |a Sukumar | ||
| 245 | |a Njan ennum undayirunu |c Sukumar | ||
| 260 | |b D.C. Books, Kottayam |a D.C. Books, Kottayam |c 80 | ||
| 300 | |a 119 | ||
| 942 | |c BK | ||
| 999 | |c 207774 |d 207774 | ||
| 952 | |0 0 |1 0 |2 ddc |4 0 |6 857_420000000000000_NJA |7 0 |9 229794 |a MAL |b MAL |c ST1 |d 1972-09-19 |g 6.00 |l 0 |o 857.42 NJA |p MAL16383 |r 2011-12-05 |v 6.00 |w 2011-12-05 |y BK | ||